000 00946nam0a22002891 4500
001 rc\3353200
005 20250609220125.0
021 _aRU
_b[73-29983]
035 _a(NLR Aleph) 007522452
090 _a7729714
_c7729714
100 _a20130115d1973 |||y0rusy50 ca
101 1 _arus
_cmdf
102 _aRU
105 _aa z |||||
200 1 _aТри ветра
_fПеревод с морд.-мокша В. Авдеева
_g[Ил.: А. Рюмин]
210 _aМосква
_cСовременник
_d1973
215 _a239 с.
_cил.
_d20
606 _aКолхозы и колхозники (х.л.)
_2psbo
606 _aАгрономы в СССР (х.л.)
_2psbo
700 1 _aЛарионов
_bС.С.
_f1908-
_gСергей Степанович
702 1 _aРюмин
_bА.
_4440
702 1 _aАвдеев
_bВ.
_4730
801 0 _aRU
_bNLR
_gpsbo
801 1 _aRU
_bELAR
_2rusmarc
852 _aNLR
_j73-3/1810
942 _cBOOK
980 _aNB